000 00367nam a2200133Ia 4500
008 220216s9999 xx 000 0 und d
100 _aGera Mohit
245 0 _aDefining forest in Indian context as per CDM requirements
260 _bIndian Forester
_c2007
300 _a1005-1013
650 _aClean Development Mechanism
650 _aKyoto Protocol
942 _cJS
999 _c56760
_d56760